| 000 | 00530nam a22001937a 4500 | ||
|---|---|---|---|
| 999 |
_c524871 _d524871 |
||
| 003 | NUST | ||
| 005 | 20190627091538.0 | ||
| 008 | 190627b ||||| |||| 00| 0 eng d | ||
| 038 | _aWaseem | ||
| 082 |
_a891.421092 _bRAA |
||
| 100 |
_aRaz, Afzal _915667 |
||
| 245 |
_aZinda Shaire Zinda Log / _cAfzal Raz |
||
| 260 |
_aGujrat : _bRozan Publishers, _c1997. |
||
| 300 | _a188 p. ; | ||
| 500 | _aHardcover. | ||
| 880 |
_6100-01\r _aافضل راز |
||
| 880 |
_6245-02\r _aزندہ شاعری زندہ لوگ / |
||
| 942 |
_2ddc _cBK |
||